| 000 -LEADER |
| fixed length control field |
00714nam a22002417a 4500 |
| 001 - CONTROL NUMBER |
| control field |
3778 |
| 003 - CONTROL NUMBER IDENTIFIER |
| control field |
BD-DhUAP |
| 005 - DATE AND TIME OF LATEST TRANSACTION |
| control field |
20201205115554.0 |
| 008 - FIXED-LENGTH DATA ELEMENTS--GENERAL INFORMATION |
| fixed length control field |
201108r1999 ii a b 001 0 eng d |
| 020 ## - INTERNATIONAL STANDARD BOOK NUMBER |
| International Standard Book Number |
020187878X |
| 040 ## - CATALOGING SOURCE |
| Original cataloging agency |
DLC |
| Transcribing agency |
DLC |
| Modifying agency |
BD-DhUAP |
| Language of cataloging |
Eng |
| 082 00 - DEWEY DECIMAL CLASSIFICATION NUMBER |
| Edition number |
23 |
| Classification number |
520 COS |
| 100 ## - MAIN ENTRY--PERSONAL NAME |
| Personal name |
Hawking, Stephen. |
| 245 ## - TITLE STATEMENT |
| Title |
The cosmic perspective / |
| Statement of responsibility, etc. |
Jeffrey Bennett ...[et al.]. |
| 260 ## - PUBLICATION, DISTRIBUTION, ETC. |
| Place of publication, distribution, etc. |
New York : |
| Name of publisher, distributor, etc. |
Wesley longman, |
| Date of publication, distribution, etc. |
©1999. |
| 300 ## - PHYSICAL DESCRIPTION |
| Extent |
xxi, 698 pages : |
| Other physical details |
illustrations ; |
| Dimensions |
28 cm. |
| 504 ## - BIBLIOGRAPHY, ETC. NOTE |
| Bibliography, etc. note |
Includes bibliographical references and index. |
| 650 ## - SUBJECT ADDED ENTRY--TOPICAL TERM |
| Topical term or geographic name entry element |
Astronomy. |
| 700 ## - ADDED ENTRY--PERSONAL NAME |
| Personal name |
Bennett, Jeffrey |
| 942 00 - ADDED ENTRY ELEMENTS (KOHA) |
| Koha issues (borrowed), all copies |
1 |
| Source of classification or shelving scheme |
|
| Koha item type |
Book |